00494nam a2200133Ia 4500008004100000245013300041260004900174260000900223300001000232500001100242650001600253999001900269952007200288170224s9999 xx 000 0 und d aWhen power shapes interpersonal behavior: Low relationship power predicts men’s aggressive responses to low situational power. bJournal of Personality and Social Psychology c2016 a111:2 aAugust xPsychology. c316844d316844 001040aCLbCLd2017-02-24l0r2017-02-24 00:00:00w2017-02-24ySE